| 000 | 00539nam a2200217Ia 4500 | ||
|---|---|---|---|
| 003 | BUBTL | ||
| 008 | 151213s9999 xx 000 0 und d | ||
| 020 | _a978-81-219-0664-7 | ||
| 082 | _a320.5AGP | ||
| 100 |
_aAgarwal,R.C. _91412 |
||
| 245 |
_aPolitical Theory : _cR.C.Agarwal |
||
| 250 | _a1st ed. | ||
| 260 |
_aNew Delhi : _bS.Chand & Company, _cc1976. |
||
| 300 |
_a558 p. : _c21 cm. |
||
| 650 | _aLaw | ||
| 650 | _aLaw | ||
| 760 | _b1st | ||
| 856 |
_k0 _l0 _yDownload |
||
| 942 |
_2ddc _cBK |
||
| 999 |
_c4052 _d4052 |
||